| 000 | 00708nam a22001817a 4500 | ||
|---|---|---|---|
| 008 | 131028b xxu||||| |||| 00| 0 alb d | ||
| 041 | 0 | _aalb | |
| 080 |
_a327 _x(082) |
||
| 245 | _aDiaspora dhe Politikat e Migracionit : | ||
| 260 |
_aPrishtinë : _bForum 2015 ; _c2007. |
||
| 300 |
_a68 f. ; _c24 cm. |
||
| 490 | _a koalicioni për integrime euro-atlantike | ||
| 505 | _aBibliografia : f. 67 | ||
| 650 | _aMarrëdhënie ndërkombëtare | ||
| 650 | _aEmigrimi | ||
| 700 | _aMustafa, Muhamet | ||
| 942 |
_2udc _cBK |
||
| 999 |
_c177 _d177 |
||